Name Every Member of that Pro Wrestling Stable #3 - AEW Edition - Statistics

General Stats
  • This quiz has been taken 13 times
  • The average score is 33 of 57
Answer Stats
Hint Answer % Correct
Brody King
100%
IC Chris Jericho
89%
Austin Gunn
78%
Austin Gunn
78%
Buddy Matthews
78%
Cash Wheeler
78%
Colten Gunn
78%
Colten Gunn
78%
Dax Harwood
78%
DCF Don Callis
78%
BBG Jay White
78%
Juice Robinson
78%
Julia Hart
78%
Konosuke Takeshita
78%
Kyle Fletcher
78%
HoB Malakai Black
78%
Matt Hardy
78%
HFO Matt Hardy
78%
MJF
78%
Pin MJF
78%
Sammy Guevara
78%
Sammy Guevara
78%
Andrade El Idolo
67%
Hechicero
67%
Jake Hager
67%
Josh Alexander
67%
Kazuchika Okada
67%
Lance Archer
67%
Ortiz
67%
Santana
67%
Wardlow
67%
Wardlow
67%
Wardlow
67%
Brian Cage
56%
Mark Davis
56%
Will Ospreay
56%
El Clon
44%
Rush
44%
Shawn Spears
44%
Trent Beretta
44%
Tully Blanchard
44%
Big Bill
33%
Ethan Page
33%
Isiah Kassidy
33%
Isiah Kassidy
33%
Lee Moriarty
33%
Marq Quen
33%
Marq Quen
33%
Powerhouse Hobbs
33%
Rocky Romero
33%
Firm Stokely Hathaway
33%
The Blade
22%
The Bunny
22%
The Butcher
22%
Angelico
11%
Jack Evans
11%
Jora Johl
11%
No matching quizzes found
Score Distribution
Percent of People with Each Score
Percentile by Number Answered
Your Score History
You have not taken this quiz